|
|
|
|
| LEADER |
00000naa2a2200000 4500 |
| 001 |
112194 |
| 005 |
20231031121352.0 |
| 035 |
|
|
|a (RuTPU)RU\TPU\book\121296
|
| 090 |
|
|
|a 112194
|
| 100 |
|
|
|a 20070323d2003 k y0rusy50 ca
|
| 101 |
0 |
|
|a rus
|
| 102 |
|
|
|a RU
|
| 200 |
1 |
|
|a Акустические свойства линейных и нелинейных диэлектриков под давлением
|f В. Л. Ульянов, А. А. Ботаки, А. А. Гурченок
|
| 463 |
|
0 |
|0 (RuTPU)RU\TPU\book\63552
|y 5-98298-035-8
|t Прогрессивные технологии и экономика в машиностроении
|o Труды Всероссийской научно-практической конференции, Юрга, 24-25 апреля 2003 г.
|f Томский политехнический университет; Филиал ТПУ в Юрге; Отв. ред. Б. Г. Долгун
|v С. 318-320
|d 2003
|p 374 с.
|
| 610 |
1 |
|
|a диэлектрики
|
| 610 |
1 |
|
|a акустические свойства
|
| 610 |
1 |
|
|a давление
|
| 610 |
1 |
|
|a упругие свойства
|
| 610 |
1 |
|
|a ионные диэлектрики
|
| 610 |
1 |
|
|a труды учёных ТПУ
|
| 700 |
|
1 |
|a Ульянов
|b В. Л.
|
| 701 |
|
1 |
|a Ботаки
|b А. А.
|
| 701 |
|
1 |
|a Гурченок
|b А. А.
|
| 801 |
|
1 |
|a RU
|b 63413507
|c 20070323
|g PSBO
|
| 942 |
|
|
|c BK
|